000 00363nam a2200157 4500
008 190521s2010||||xo d
100 1 _aBraden Greg
_91122
245 1 0 _aZmysel zmien 2012
260 _bEugenika
_aBratislava
_c2010
250 _a1.vydanie
300 _a302s.
020 _c0
_a9788081002090
041 1 _aslo
044 _axo
_cSK
958 _aAUL
999 _c22418
_d22418